000 01278nmc a2200445 a 4500
003 AR-BaBNM
005 20251128204158.0
008 011101s1994 ||||||||||||||000 | spa||
020 _a950-701-204-4
040 _cAR-BaBNM
100 1 _aSmith, Frank
245 1 0 _aDe cómo la educación apostó al caballo equivocado
260 _aBuenos Aires
_bAique
_c1994
300 0 _a171 p.
490 0 _aSerie de la palabra
504 _aContiene bibliografía
650 4 _aTEORIAS DEL APRENDIZAJE
650 4 _aTALLERES ESCOLARES
650 4 _aENSENANZA DE LA ESCRITURA
650 4 _aENSENANZA DE LA LECTURA
650 4 _aENSENANZA DE LA EXPRESION ORAL
650 4 _aLECTURA
650 4 _aAPRENDIZAJE MEDIANTE LA PRACTICA
650 4 _aALFABETIZACION
650 4 _aPENSAMIENTO CRITICO
650 4 _aPSICOLOGIA EXPERIMENTAL
650 4 _aDESTREZAS LINGUISTICAS
650 4 _aPROCESO DE APRENDIZAJE
650 4 _aACTIVIDADES DE LA CLASE
650 4 _aACTIVIDADES EN GRUPO
650 4 _aACTIVIDADES DE APRENDIZAJE
650 4 _aEDUCACION COMUNITARIA
650 4 _aMEJORA DE LA EDUCACION
650 4 _aINFORMATICA
650 4 _aROL DEL DOCENTE
650 4 _aSIGLO VEINTE
653 _aINVESTIGACION EDUCATIVA
942 _cBK
998 _cGrace
999 _c6489
_d6489